Innovation performance of czech regions

Kľúčová úloha inovácií v súčasnej globalizovanej svetovej ekonomike. Metódy hodnotenia inovačnej výkonnosti. Inovačný index. Porovnanie regiónov Českej republiky podľa inovačnej výkonnosti.

Enregistré dans:
Détails bibliographiques
Auteur principal: Žítek, Vladimír
Format: Chapitre de livre
Langue:anglais
Sujets:
Tags: Ajouter un tag
Pas de tags, Soyez le premier à ajouter un tag!

MARC

LEADER 00000naa a2200000 4500
001 0126352
005 20231129072958.5
041 0 |a eng 
044 |a CZ 
245 1 0 |a Innovation performance of czech regions  |c Vladimír Žítek 
520 |a Kľúčová úloha inovácií v súčasnej globalizovanej svetovej ekonomike. Metódy hodnotenia inovačnej výkonnosti. Inovačný index. Porovnanie regiónov Českej republiky podľa inovačnej výkonnosti. 
610 2 0 |a výkonnosť ekonomiky 
610 2 0 |a inovácia 
610 2 0 |a indexy 
610 2 0 |a regióny 
610 2 0 |a Česko 
610 2 0 |a politika regionálna 
100 1 |a Žítek, Vladimír